Graphs leading to algebra, 2.

Bibliographic Details
Corporate Author: Nuffield Mathematics Project
Format: Book
Language:English
Published: New York : Wiley, [1969]
Subjects:

MARC

Tag First Indicator Second Indicator Subfields
LEADER 00000cam a2200000 4500
001 in00000665802
005 20151015085955.0
008 720411s1969 nyua 00000 eng d
010 |a  70088358  
020 |z 47165213x 
035 |a (OCoLC)00280507 
035 |9 ACY3783AM 
040 |c OTC  |d TXA  |d UtOrBLW 
049 |a [Curr Col] TXAM  |c [970917] 
090 |a QA90  |b .N78 1969 
110 2 |a Nuffield Mathematics Project. 
245 1 0 |a Graphs leading to algebra, 2. 
264 1 |a New York :  |b Wiley,  |c [1969] 
264 4 |c [©1969] 
300 |a 55 pages :  |b illustrations (part color) ;  |c 22 x 24 cm. 
336 |a text  |b txt  |2 rdacontent 
337 |a unmediated  |b n  |2 rdamedia 
338 |a volume  |b nc  |2 rdacarrier 
650 0 |a Graphic methods  |x Study and teaching. 
650 0 |a Mathematics  |x Study and teaching (Elementary) 
999 |a MARS 
999 f f |s 1ef4fcbc-4152-3dee-9ab9-8f39bf831688  |i 3c88182c-b22a-39a4-b9cb-b0c3e4780d0c  |t 0 
952 f f |p ric  |a Texas A&M University  |b Rellis Campus  |c Joint Library Facility  |d Remote Storage  |t 0  |e QA90 .N78 1969  |h Library of Congress classification  |i unmediated -- volume  |m A14800248647 
998 f f |a QA90 .N78 1969  |t 0  |l Remote Storage